000 01061nam a2200229Ia 4500
003 Ost
005 20260507075412.0
008 260507s9999||||xx |||||||||||||| ||und||
040 _cfsecg
041 _aara
082 _a600
100 _aأبو قحف، عبد السلام محمود
_eمؤلف
245 0 _aمقدمة في الأعمال /
_c عبد السلام محمود أبو قحف
250 _aطبعة 3 (مزيدة)
260 _aالإسكندرية:
_bالمكتب الجامعي الحديث,
_c2008
300 _a466 صفحة؛
_bإيضاحات ؛
_c25 سم
520 _aيضم مقدمات رئيسية، بيئة الأعمال والتحديات التي تواجه منظمات الأعمال في عالم اليوم، عناصر الأعمال، منشآت الأعمال والصناعات الصغيرة، الوظائف الرئيسية لمنشآت الأعمال، التطبيقات
653 _aإدارة الأعمال
653 _aالإدارة الصناعية
653 _aالمنشآت
942 _cكتاب
999 _c44422
_d44422